| 000 | 01314nam a2200265Ia 4500 | ||
|---|---|---|---|
| 003 | OSt | ||
| 005 | 20220930095048.0 | ||
| 006 | a|||||r|||| 00| 0 | ||
| 007 | ta | ||
| 008 | 220926b |||||||| |||| 00| 0 hin d | ||
| 024 | _a68534 | ||
| 037 | _cTheses | ||
| 040 |
_aCRL _cCRL _bhin |
||
| 041 |
_2hin _ahin |
||
| 100 |
_aचौरसिया, संजय कुमार, ले. _9556116 |
||
| 110 |
_aदिल्ली विश्वविद्यालय. शिक्षा संकाय. शिक्षा विभाग _9556121 |
||
| 245 | 0 | _aशिक्षा नीतियों के संदर्भ में शिक्षा के अधिकार का आलोचनात्मक अध्ययन, संजय कुमार चौरसिया | |
| 246 | _aShikṣhā nītiyoan ke sandarbha mean shikṣhā ke adhikār kā ālochanātmak adhyayana, sanjaya kumār chaurasiyā | ||
| 260 | _c2020 | ||
| 300 |
_a205पृ0 _ap. _ccm. |
||
| 650 | _aशिक्षाशास्त्र | ||
| 700 |
_aदिल्ली विश्वविद्यालय. शिक्षा संकाय. शिक्षा विभाग _9556122 |
||
| 942 |
_cDIS _2CC |
||
| 999 |
_c888254 _d888254 |
||